000 00411nam a2200181Ia 4500
005 20240823055721.0
008 240823s9999||||xx |||||||||||||| ||und||
041 _aENGLISH
082 _A378.54 P9
100 _aChittibabu S V
245 0 _aHigher Education in India
250 _a1st
260 _c2009
_bPalaniappa Bro
500 _aYES
650 _aHistory
_bGeneral
942 _cBK
999 _c229441
_d229441